000 00504nam a2200193Ia 4500
003 OSt
005 20221005124945.0
006 a|||||r|||| 00| 0
007 ta
008 221004b |||||||| |||| 00| 0 eng d
024 _a112887
037 _cTextual
040 _aCRL
_cCRL
_beng
041 _2eng
_aeng
100 _aBandopadhyay Pranav Kumar
_9636022
245 0 _aObservation on Similar in the Naisadha Carita
942 _cTEXL
_2cc
999 _c1052242
_d1052242